000 01266nam1a22002651 4500
001 rc\3608864
005 20130115143555.7
035 _a(NLR Aleph) 007711149
090 _a6850892
_c6850892
100 _a20130115d1974 |||y0rusy50 ca
101 0 _arus
102 _aRU
105 _ay z |||||
200 1 _aМетодические разработки по диалектическому материализму
_fОтв. ред. доц. К.П. Шуртаков. Ч. 2
_gМ-во высш. и сред. спец. образ. РСФСР. Казан. хим.-технол. ин-т им С.М. Кирова
210 _aКазань
_cБ. и.
_d1974
215 _d20
300 _a1-е изд. вышло под загл. "Законы и категории материалистической диалектики"
451 0 _12001#$aЗаконы и категории материалистической диалектики
_1205##$a1-е изд.
702 1 _aШуртаков
_bК. П.
_4340
712 0 2 _aКазанский химико-технологический институт им. С. М. Кирова
_3RU\NLR\AUTH\889930490
801 0 _aRU
_bNLR
_gpsbo
801 1 _aRU
_bELAR
_2rusmarc
852 _aNLR
_j76-4/2987
942 _cBOOK
980 _aNB